Szczegóły MARC21

Gramatyka historyczna języka polskiego /

003 -Nazwa inst., której nr kontr. jest w polu 001 [,]
    • @
    • Nazwa instytucji, której n kontrolny jest w polu 001
    • NUKAT
005 -DATA I CZAS OSTATNIEJ MODYFIKACJI [,]
    • @
    • pole kontrolne
    • 20241231113753.0
040 -Instytucja sporządzająca opis [ , ]
    • a
    • Instytucja, która sporządziła opis (NP)
    • GD U/DC
    • c
    • Instytucja, która sporządziła rekord (NP)
    • GD U/DC
    • d
    • Instytucja, która zmodyfikowała rekord (P)
    • GD U/ISSs
    • d
    • Instytucja, która zmodyfikowała rekord (P)
    • TOR U/LF
    • d
    • Instytucja, która zmodyfikowała rekord (P)
    • OLSZT 003/bak
942 -Rodzaj dokumentu [ , ]
    • c
    • Rodzaj dokumentu
    • Książka
100 -Hasło główne - nazwa osobowa [1, ]
    • a
    • Nazwa osobowa (NP)
    • Rospond, Stanisław
    • d
    • Daty biograficzne (NP)
    • (1906-1982).
    • 9
    • KHW
    • 17101
245 -Strefa tytułu i oznaczenia odpowiedzialności [1,0]
    • a
    • Tytuł
    • Gramatyka historyczna języka polskiego / Find
    • c
    • Pozostałe elementy strefy tytułu i oznaczenia odpowiedzialności (NP)
    • Stanisław Rospond.
250 -Strefa wydania [ , ]
    • a
    • Oznaczenie wydania (NP)
    • Wyd. 2.
260 -Strefa adresu wydawniczego [ , ]
    • a
    • Miejsce wydania (P)
    • Warszawa :
    • b
    • Nazwa wydawcy (P)
    • Państwowe Wydawnictwo Naukowe,
    • c
    • Data wydania (P)
    • 1973.
300 -Strefa opisu fizycznego [ , ]
    • a
    • Określenie formy książki i/lub objętość (NP)
    • 391, [1] s. ;
    • c
    • Format (NP)
    • 25 cm.
336 -Typ zawartości [ , ]
    • a
    • Termin opisujący typ zawartości
    • Tekst
    • b
    • Kod określający zawartość
    • txt
    • 2
    • Źródło (terminu i kodu)
    • rdacontent
337 -Typ mediów [ , ]
    • a
    • Tryb odtwarzania
    • Bez urządzenia pośredniczącego
    • b
    • Kod typu mediów
    • n
    • 2
    • Źródło (terminu i kodu)
    • rdamedia
338 -Typ/rodzaj nośnika [ , ]
    • a
    • Hasło opisujące typ nośnika
    • Wolumin
    • b
    • Kod typu nośnika
    • nc
    • 2
    • Źródło (terminu i kodu)
    • rdacarrier
504 -Uwaga dot. bibliogr. załącznikowej [ , ]
    • a
    • Uwaga dot. bibliografii załącznikowej
    • "Wskazówki bibliogr." s. 371. Indeks.
080 -Uniwersalna Klasyfikacja Dziesiętna [ , ]
    • a
    • Symbol klasyfikacji
    • 811.162.1'36-112
    • 2
    • Identyfikator wydania tablic
    • UDC-P058
    • 9
    • UKD
    • 19161
    • b
    • Dopowiedzenie
    • Język polski. - Gramatyka historyczna.
    • 4
    • UKD2
    • 7665
    • x
    • Poddział wspólny
    • (075.8)
    • c
    • Dopowiedzenie poddz. wspólnego
    • (Podręczniki dla szkół wyższych. Skrypty).
650 -Hasło przedmiotowe [ ,7]
    • a
    • Hasło przedmiotowe
    • Język polski
    • x
    • Określnik rzeczowy
    • gramatyka historyczna
    • v
    • Określnik formalny
    • podręczniki akademickie.
    • 2
    • Źródło terminu
    • kaba
    • 9
    • KHW
    • 361269
980 -Symbol UKD [ , ]
    • a
    • UKD
    • 811.162.1'36-112(075.8)
710 -Hasło dodatkowe - nazwa ciała zbiorowego [2, ]
    • a
    • Nazwa ciała zbiorowego lub nazwa geograficzna jako pierwszy element (NP)
    • Państwowe Wydawnictwo Naukowe (1951-1992).
    • 4
    • Kod relacji
    • pbl
    • 9
    • KHW
    • 52048
Sygnatura Uwagi nie widoczne w OPAC Lokalizacja Data inwentaryzacji Status udost. Numer inwentarzowy
  BG1993-07-22-5W.19578
  BG1997-01-01-5W.36251
  BG1993-07-22-5W.37316
  BG1993-07-222W.19595
  BG1993-07-222W.19583
  BG1993-07-222W.19602
  BG1993-07-22-5W.37321
  BG1993-07-222W.19591
  BG1993-07-22-5W.19587
  BG1993-07-22-5W.37318
  BG1993-07-222W.19597
  BG1993-07-222W.19594
  BG1993-07-22-5W.19579
  BG1993-07-22-5W.19604
  BG1993-07-22-5W.19586
  BG1993-07-22-5W.19581
  BG1993-07-22-5W.19584
  BG1993-07-222W.19589
  BG1993-07-22-5W.19582
  BG1993-07-22-5W.37319
  BG1993-07-22-5W.19605
  BG1993-07-22-5W.19580
  BG1993-07-22-5W.19598
  BG1993-07-22-5W.19601
  BG1993-07-22-5W.37320
  BG1993-07-22-5W.37325
  BG1993-07-22-5W.19600
  BG1993-07-222W.19592
  BG1993-07-222W.19590
  BG1993-07-22-5W.37324
  BG1993-07-22-5W.37323
  BG1993-07-222W.19596
  BG1993-07-22-5W.19606
  BG1993-07-22-5W.19585
  BG1993-07-222W.19588
  BG1993-07-22-6W.19593
  BG1993-07-22-5W.19603
  BG1993-07-22-5W.37317
 przepisanyBG 1991-07-222W.19599
  BG -3W.37322
egz.arch. BG1997-01-011Z.9255
POL. Gramatyka historyczna 07 BM2010-02-081P.21958